Movies Quiz

Random Movies or Cartoons Quiz

Complete the Animated Movies (2010s) Quiz Stats

 Plays Quiz Updated Jun 26, 2019

Score 0/40 Timer 05:00
20 Plays Today
% Correct
Kung
96.4%
Toy
96.3%
Winnie
96.1%
Me
96%
Dragon
95.9%
Finding
95.4%
Hotel
95.2%
Boots
94.6%
Internet
94.4%
Monsters
94.3%
Angry
94.1%
Out
94%
Baby
93.7%
Wanted
93.5%
Big
92.7%
Spider-Verse
92.6%
Captain
92.3%
Pets
91.8%
Peter
90.7%
After
90.4%
% Correct
Gnomes
89.8%
Drift
89.4%
Adventures
88.9%
Water
88.6%
Lorax
88.5%
Penguins
88.5%
Sherman
86.4%
Lego
84.9%
Book
82.1%
Good
81.7%
Hill
81.6%
Your
81.5%
Rise
80.5%
Little
78.3%
Ernest
77.1%
Strings
75.8%
Christmas
68%
Sea
64.4%
Princess
61.7%
Wind
43.4%

You're not logged in!

Compare scores with friends on all Sporcle quizzes.
OR
Log In

Sporcle TV

Today on Sporcle TV


Watch our educational content, quiz creation guides, and fun videos on Sporcle TV.

Show Comments

Extras

Top Quizzes Today


Score Distribution

Your Account Isn't Verified!

In order to create a playlist on Sporcle, you need to verify the email address you used during registration. Go to your Sporcle Settings to finish the process.

Report this User

Report this user for behavior that violates our Community Guidelines.

Details: